000 00473nam a22001817a 4500
005 20260311150737.0
008 260311b |||||||| |||| 00| 0 eng d
020 _a978-81-317-3263-2
041 _aeng
082 _a658.83 KRI-R
100 _aKRISHNAMACHARYULU, C.S.G AND RAMAKRISHNAN, LALITHA
_98900
245 _aRURAL MARKETING TEXT AND CASES
250 _a2ND ED.
260 _aUTTAR PRADESH
_bPEARSON
_c2011
300 _a587
650 _aMANAGEMENT
942 _cBK
999 _c9083
_d9081